Logo BPK

Biblioteka

Politechniki Koszalińskiej

Jingle bells and other songs / (Rekord nr 48403)

Szczegóły MARC
000 -ETYKIETA REKORDU
podpole kontrolne o stałej długości 00677nam a2200217 i 4500
001 - NUMER KONTROLNY REKORDU
pole kontrolne bgj
020 ## - MIĘDZYNARODOWY ZNORMALIZOWANY NUMER KSIĄŻKI - ISBN
ISBN 0194333450
040 ## - ŹRÓDŁO KATALOGOWANIA
Instytucja, która utworzyła rekord BPK
041 0# - KOD JĘZYKA
Kod języka tekstu eng
920 ## - Międzynarodowy znormalizowany numer książki – ISBN
ISBN 0-19-433345-0
008 - POLE O STAŁEJ DŁUGOŚCI - DANE KONTROLNE
podpole kontrolne o stałej długości s uk f |000 0 eng
100 1# - NAZWA OSOBOWA
Nazwa osobowa BYRNE, John
Daty związane z nazwą (1941- )
245 10 - TYTUŁ/ODPOWIEDZIALNOŚĆ
Tytuł Jingle bells and other songs /
Pozostałe elementy strefy tytułu i oznaczenia odpowiedzialności John Byrne and Anne Waugh ; illustrated by Annabel Spenceley and Paddy Mounter.
260 ## - STREFA ADRESU WYDAWNICZEGO
Miejsce wydania Oxford :
Nazwa wydawcy/dystrybutora Oxford University Press,
Data publikacji, dystrybucji/powstania dokumentu [1982].
300 ## - STREFA OPISU FIZYCZNEGO
Objętość [24] pp :
Inne cechy fizyczne ill. ;
Rozmiary 20x21 cm.
650 #9 - HASŁO PRZEDMIOTOWE W FORMIE NAZWY OGÓLNEJ LUB JEDNOSTKOWEJ
Nazwa ogólna lub geograficzna English language
Określnik ogólny Children's songs
700 1# - HASŁO DODATKOWE - NAZWA OSOBOWA
Nazwa osobowa WAUGH, Anne
Daty związane z nazwą (1944- )
700 1# - HASŁO DODATKOWE - NAZWA OSOBOWA
Nazwa osobowa SPENCELEY, Anne.
Określenie związku między hasłem a opisywanym materiałem ill.
700 1# - HASŁO DODATKOWE - NAZWA OSOBOWA
Nazwa osobowa MOUNTER, Paddy.
Określenie związku między hasłem a opisywanym materiałem ill.
942 ## - DODATKOWE ELEMENTY (KOHA)
Typ dokumentu Książka
Egzemplarze
Wycofany Status egzemplarza Uszkodzony Dostępność Lokalizacja stała Lokalizacja bieżąca Miejsce przechowywania Sygnatura Kod kreskowy Typ dokumentu Uwaga przeznaczona na użytek publiczny
      Dostępny Biblioteka Politechniki Koszalińskiej Biblioteka Politechniki Koszalińskiej Wypożyczalnia Językowa KA 5659 09057074 Książka Kserokopia
© 2023 Biblioteka Politechniki Koszalińskiej :: KOHA